书目信息 |
| 题名: |
典型农区村域人地系统
|
|
| 作者: | 乔家君 著 | |
| 分册: | ||
| 出版信息: | 北京 科学出版社 2005.70 |
|
| 页数: | ||
| 开本: | 16开 | |
| 丛书名: | ||
| 单 册: | ||
| 中图分类: | F323.211 | |
| 科图分类: | ||
| 主题词: | 农业经济--中国 | |
| 电子资源: | ||
| ISBN: | 7-03-015768-0 | |
| 000 | 00537nam0 2200181 450 | |
| 001 | 0736196517 | |
| 005 | 20070924100316.51 | |
| 010 | @a7-03-015768-0@d¥29.00 | |
| 100 | @a20070924d km y0chiy0120 ea | |
| 101 | 0 | @achi |
| 200 | 1 | @a典型农区村域人地系统@Adian xing nong qu cun yu ren di xi tong@f乔家君 著@Fqiao jia jun zhu |
| 210 | @a北京@c科学出版社@d2005.70 | |
| 215 | @d16开 | |
| 606 | 0 | @a农业经济@x中国 |
| 690 | @aF323.211@v3 | |
| 701 | 0 | @a乔家君@Aqiao jia jun@4著 |
| 801 | 0 | @aCN@bPFT@c20070924 |
| 905 | @a213230@dF323.211@eZY22@f1 | |
| 典型农区村域人地系统/乔家君 著.-北京:科学出版社,2005.70 |
| 16开 |
| ISBN 7-03-015768-0:¥29.00 |
| ● |
| 相关链接 |
|
|
|
|
正题名:典型农区村域人地系统
索取号:F323.211/ZY22
 
预约/预借
| 序号 | 登录号 | 条形码 | 馆藏地/架位号 | 状态 | 备注 |
| 1 | 7902131 | 279021318 | 密集书库-资源管理系/ [索取号:F323.211/ZY22] | 在馆 |